01011nam a22002177a 4500003000200000005001700002008004100019050002500060100002600085245017200111260007100283300004900354500003900403504005600442650003700498650004900535650004700584942001200631999001900643952013100662020250204160309.0250204b xxu||||| |||| 00| 0 eng d aLB 2395.7b.M37 2023 aMartinez, Mary Joy A. a7ps of the online blended learning of southville international school affiliated foreign universitybbasis for proposed marketing strategy model.cMary Joy A. Martinez aLas Pinas CitybSouthville International School and Collegesc2023 aiv, 233 pages:bcolored illustration;c28cm. aMaster in Business Administration. aIncludes bibliographical references and appendices. a7Ps Marketing Model in Education aOnline and Blended Learning – Philippines. aMarketing Strategies for Higher Education. 2lcccTH c367124d367124 00102lcc40aCLbCLcTHESESd2025-02-04eDONATIONkTHESESl0oLB 2395.7 .M37 2023pT1338r2025-02-04 00:00:00w2025-02-04yTH